| 000 | 00393nam a22001577a 4500 | ||
|---|---|---|---|
| 999 |
_c255056 _d255055 |
||
| 003 | OSt | ||
| 005 | 20230202114723.0 | ||
| 008 | 160818b xxu||||| |||| 00| 0 eng d | ||
| 020 | _a0774737689 | ||
| 040 | _cN/A | ||
| 100 | _aWilliam .A.Haviland et al | ||
| 245 | _aCultural Anthropology | ||
| 250 | _a1st canadian edition | ||
| 260 |
_aAustralia _bThomas Nelson _c2002 |
||
| 942 |
_2lcc _cBK |
||